Sports Quiz

Random Sports or MLB Quiz

MLB All Steroid Team Quiz Stats

 Plays Quiz not verified by Sporcle

Challenge
Share
Tweet
Embed
Score 0/10 Timer 05:00
0 Plays Today
Position Player % Correct
CFBarry Bonds
88%
1BMark McGwire
84.2%
3BAlex Rodriguez
80.1%
DHRafael Palmeiro
57.8%
LFManny Ramirez
52%
RFJose Canseco
48.8%
SPAndy Pettitte
42.5%
SSMiguel Tejada
33.2%
CPaul Lo Duca
10.9%
2BBrian Roberts
10.6%

You're not logged in!

Compare scores with friends on all Sporcle quizzes.
Join for Free
OR
Log In

You Might Also Like...

Show Comments

Extras

Top Quizzes Today


Score Distribution

Your Account Isn't Verified!

In order to create a playlist on Sporcle, you need to verify the email address you used during registration. Go to your Sporcle Settings to finish the process.

Report this User

Report this user for behavior that violates our Community Guidelines.

Details: